000 00738nam a2200253 i 4500
001 bg
100 1 _aMITCHELL, Rosamond.
245 1 0 _aSecond language learning theories /
_cRosamond Mitchell, Florence Myles.
250 _a2nd ed.
260 _aLondon :
_bHodder Arnold,
_c2004.
300 _aXIII, 303 s. ;
_c24 cm.
504 _aBibliogr. - Indeks.
650 9 _aJęzyki
_xnauczanie
_xteoria
650 9 _aJęzyk angielski
_xnauczanie
700 1 _aMYLES, Florence
020 _a0340807660
040 _cBPK
041 0 _aeng
080 _a372.881.1:811.111
920 _a0-340-80766-0
942 _cKS
008 s pl f |000 0 pol
999 _c46786
_d46786
856 _uhttp://koha.tu.koszalin.pl/cgi-bin/koha/opac-detail.pl?biblionumber=46786
_yKatalog online BPK